000 00698nam a2200289Ia 4500
005 20260324130529.0
008 008 260324s9999 xx 000 0 eng d
020 _a9780429224386
037 _aEBOOK
040 _aCRL
040 _beng
040 _cCRL
041 _2eng
041 _aeng
084 _qCRL
100 _aKen W.F. Howard
_91182134
245 0 _aUrban Groundwater, Meeting the Challenge
245 0 _bIAH Selected Papers on Hydrogeology 8
260 _bTaylor and Francis
260 _c2007
365 _a
365 _b275
856 _uhttp://www.taylorfrancis.com/books/9780429224386
942 _cEBOOK
999 _c1778364
_d1778364